000 00338nam a22001697a 4500
003 UA-OsUOA
001 3762
007 ta
008 20050721b un ||||| |||| 00| 0 ukr d
100 _aUpfield
700 _aA. W.
942 _cBK
040 _aUA-OsUOA
_cUA-OsUOA
_dUA-OsUOA
245 _aWinds of Evil
955 _a2
650 7 _2UDC
999 _c289924
_d289924